000 00989nam a2200265Ia 4500
003 GCL
008 140319s9999 xx 000 0 ara d
040 _aGCL /
_cGCL
082 0 4 _a025
_bس أ
100 1 _aسامح زينهم عبد الجواد
245 1 0 _aالانظمة الالية المتكاملةفى المكتبات ومراكز المعلومات /
_cسامح زينهم عبد الجواد
250 _aالاولى
260 _aالقاهرة :
_bسامح زينهم عبدالجواد ،
_c2004
300 _a338،396ص ؛
_c24سم
650 0 4 _aمراكز المعلومات
650 0 4 _aبرامج الحاسبات الالكترونية
650 0 4 _aخدمات المعلومات
650 0 4 _aشبكات المكتبات والمعلومات
650 0 4 _aالمكتبات - تاريخ
650 0 4 _aالتزويد ( مكتبات )
650 0 4 _aالمكتبات - علم
650 0 4 _aجافا
650 0 4 _aاكس ام ال
942 _2ddc
_cBK
999 _c51391
_d51391